000 00550nam a22001937a 4500
005 20250310130818.0
008 250310b |||||||| |||| 00| 0 eng d
020 _a9780135122839
050 _aHM585
_b.C365 CAR
100 _aCarl John D.
245 _aThink Sociology
_cJohn D. Carl & Marc Belanger
250 _aCanadian Ed.
260 _aToronto
_bPearson Canada Inc.
_c2012
300 _aix. 326p.
_bill. (some col.)
_c28 cm
500 _aIncludes Index
650 _2Sociology
700 _aBelanger Marc
942 _2lcc
_cBK
_eCanadian Ed.
_n0
999 _c4649
_d4649